| 000 | 00803nam a2200241 i 4500 | ||
|---|---|---|---|
| 001 | 150064 | ||
| 003 | ES-MaACL | ||
| 005 | 20260202131008.0 | ||
| 007 | t| | ||
| 008 | 071026s1925 sp ||||1| spa d | ||
| 080 | _a821.134.2-23"19" | ||
| 100 | 1 |
_aValle-Inclán, Ramón del, _d1866-1936 _9112796 |
|
| 245 | 1 | 4 |
_aLos cuernos de Don Friolera _b: esperpento / _clo saca a luz Ramón del Valle-Inclán. |
| 260 |
_aMadrid : _bRenacimiento, _c1925 ( _fImp. Cervantina) |
||
| 300 |
_a264 p. ; _c18 cm. |
||
| 490 | 1 |
_aOpera omnia ; _v17 |
|
| 530 | _aDisponible en formato digital. | ||
| 830 | 0 |
_aOpera omnia ; _v17 _9187581 |
|
| 852 |
_aES-MaACL _jB-6049 _cSPB |
||
| 856 | 4 |
_uhttp://bdh-rd.bne.es/viewer.vm?id=0000200752&page=1 _yBiblioteca Digital Hispánica |
|
| 942 | _2udc | ||
| 999 |
_c150064 _d150064 |
||